Narración oral y niños: una alegría para siempre
Guardat en:
| Autor principal: | |
|---|---|
| Format: | Llibre |
| Idioma: | espanyol |
| Publicat: |
Santiago
Ediciones Universidad Católica de Chile
2006
|
| Matèries: | |
| Etiquetes: |
Afegir etiqueta
Sense etiquetes, Sigues el primer a etiquetar aquest registre!
|
MARC
| LEADER | 00000nam a2200000 a 4500 | ||
|---|---|---|---|
| 001 | UCI7420 | ||
| 003 | CL-VaPUC | ||
| 008 | 080703e20060000CL |||||||||||||||||spa|d | ||
| 020 | |a 9561408899 | ||
| 082 | 0 | 4 | |a 372.452 |b BEU |2 21 |
| 100 | 0 | |a Beuchat Reichardt, Cecilia |e author |9 530666 | |
| 245 | 1 | 0 | |a Narración oral y niños: una alegría para siempre |
| 300 | |a 250 p | ||
| 942 | |c BK | ||
| 945 | |d 20080703 00:00:00 |a rbrito | ||
| 260 | |a Santiago |b Ediciones Universidad Católica de Chile |c 2006 | ||
| 650 | 0 | |a Enseñanza de la lectura |9 308364 | |
| 650 | 0 | |a Lectura |9 307634 | |
| 650 | 0 | |a Narración de cuentos |9 337545 | |
| 650 | 0 | |a Literatura infantil |9 307465 | |
| 650 | 0 | |a Educación básica |9 224933 | |
| 583 | |a last modification |c 20080703 00:00:00 |k Rodrigo Vera | ||
| 999 | |c 330715 |d 330713 | ||
| 952 | |0 0 |1 0 |4 0 |6 372_452000000000000_BEU_2006 |7 0 |8 A |9 416438 |a BIBEDU |b BIBEDU |c ES_NOD |d 2019-11-22 |i 4454286 |o 372.452 BEU 2006 |p 4454286 |r 2023-08-09 |w 2019-11-22 |y BK |k EBA | ||
| 952 | |0 0 |1 0 |4 0 |6 372_452000000000000_BEU_2006 |7 0 |8 A |9 416439 |a BIBEDU |b BIBEDU |c ES_NOD |d 2019-11-22 |i 4613155 |o 372.452 BEU 2006 |p 4613155 |r 2023-08-09 |w 2019-11-22 |y BK |k EPE | ||